Questioni di bioetica (Record n. 217847)

Dettagli MARC
000 -LEADER
fixed length control field 01049nam a2200205Ia 4500
001 - CONTROL NUMBER
control field a1391-34515
003 - CONTROL NUMBER IDENTIFIER
control field IT-MiCISF
008 - FIXED-LENGTH DATA ELEMENTS--GENERAL INFORMATION
fixed length control field 161014s9999||||xx |||||||||||||| ||und||
040 ## - CATALOGING SOURCE
Original cataloging agency IT-MiCISF
Transcribing agency IT-MiCISF
041 ## - LANGUAGE CODE
Language code of text/sound track or separate title it
999 ## - SYSTEM CONTROL NUMBERS (KOHA)
Koha Dewey Subclass [OBSOLETE] si
100 ## - MAIN ENTRY--PERSONAL NAME
Personal name Carlotti Paolo
245 #0 - TITLE STATEMENT
Title Questioni di bioetica
250 ## - EDITION STATEMENT
Edition statement 1a ed.
260 ## - PUBLICATION, DISTRIBUTION, ETC. (IMPRINT)
Place of publication, distribution, etc. Roma
Name of publisher, distributor, etc. Las
Date of publication, distribution, etc. 2001
300 ## - PHYSICAL DESCRIPTION
Extent pp. 160
500 ## - GENERAL NOTE
General note / bioetica, procreazione-artificiale, clonazione, contraccezione / L'avanzamento della ricerca biomedica ha messo a disposizione una serie di nuovi strumenti e pratiche riguardanti la nascita, la morte, la cura. I saggi contenuti in questo volume rielaborano alcune delle lezioni tenute da studiosi provenienti da tutta Italia al Corso di perfezionamento in bioetica dell'Università La Sapienza, che spaziano dai problemi riguardanti i settori più avanzati della ricerca scientifica a quelli più quotidiani, con i quali ci confrontiamo sempre più frequentemente.
650 ## - SUBJECT ADDED ENTRY--TOPICAL TERM
Topical term or geographic name as entry element Temi di bioetica / bioetica
Relator term 011
942 ## - ADDED ENTRY ELEMENTS (KOHA)
Koha item type LIBRO
957 ## -
-- 1
999 ## - SYSTEM CONTROL NUMBERS (KOHA)
-- 1
Dati di copia
Withdrawn status Lost status Damaged status Not for loan Home library Current library Date acquired Total Checkouts Full call number Date last seen Price effective from Koha item type Public note
    Buone Condizioni Not For Loan CISF - Milano CISF - Milano 14/10/2016   a1391-34515 14/10/2016 14/10/2016 LIBRO Data import 15.10.2016 / by Epidotti, Vaglietti
CREDITS: SOCIETA' SAN PAOLO Via A.Severo, 58 - ROMA (RM) & PERIODICI SAN PAOLO SRL Via Giotto, 36 MILANO & CISF Via Giotto, 36 MILANO & EDIZIONI SAN PAOLO SRL,  Piazza Soncino, 5 CINISELLO BALSAMO (MI) -- ITALY